| 000 | 00530nam a2200193Ia 4500 | ||
|---|---|---|---|
| 003 | IN-BaIIA | ||
| 008 | 211028s9999 xx 000 0 eng d | ||
| 020 | _a978-0-521-56082-5 | ||
| 040 | _cIIA Library | ||
| 080 |
_a530.145.7 _bBUB |
||
| 100 |
_aBub, Jeffrey _926100 |
||
| 245 | 0 |
_aInterpreting the quantum world _cJeffrey Bub |
|
| 260 |
_aCambridge _bCambridge University Press _c1997 |
||
| 300 | _axiv, 298p. | ||
| 650 |
_aClassical mechanics _91541 |
||
| 650 |
_aOrthodoxy _926101 |
||
| 650 | _aQuantum theory | ||
| 942 | _cBK | ||
| 999 |
_c14639 _d14639 |
||